[Event "RA-2021-0-00694"]
[Site "LSS email"]
[Date "2021.11.24"]
[Round "?"]
[White "Hatsek, Werner"]
[Black "Martin, Simone"]
[Result "1/2-1/2"]
[WhiteElo "2080"]
[BlackElo "2015"]
[PlyCount "46"]
[EventDate "2021.10.19"]
[EventType "tourn (corr)"]
[EventRounds "6"]
[EventCountry "GER"]
[SourceTitle "Corr 2024"]
[Source "ChessBase"]
[SourceDate "2023.10.19"]
[SourceVersion "1"]
[SourceVersionDate "2023.10.19"]
[SourceQuality "1"]

1. e4 e5 2. Nf3 Nc6 3. Bb5 a6 4. Ba4 Nf6 5. 0-0 Be7 6. Re1 b5 7. Bb3 0-0 8. c3 d5 9. exd5 Nxd5 10. Nxe5 Nxe5 11. Rxe5 c6 12. d3 Bd6 13. Re1 Bf5 14. Qf3 Qf6 15. Nd2 Qg6 16. Bd1 Bxd3 17. Ne4 Bxe4 18. Qxe4 Qxe4 19. Rxe4 Rae8 20. Rxe8 Rxe8 21. Kf1 Be5 22. Bd2 Rd8 23. Bf3 Nb6 1/2-1/2

[Event "RA-2021-0-00684"]
[Site "LSS email"]
[Date "2021.07.27"]
[Round "?"]
[White "Hatsek, Werner"]
[Black "Morcin, Tom"]
[Result "1/2-1/2"]
[WhiteElo "2031"]
[BlackElo "2058"]
[PlyCount "76"]
[EventDate "2021.06.01"]
[EventType "tourn (corr)"]
[EventRounds "6"]
[EventCountry "GER"]
[SourceTitle "Corr 2024"]
[Source "ChessBase"]
[SourceDate "2023.10.19"]
[SourceVersion "1"]
[SourceVersionDate "2023.10.19"]
[SourceQuality "1"]

1. c4 e5 2. g3 c6 3. d4 e4 4. d5 Bb4+ 5. Bd2 Qe7 6. Nc3 Nf6 7. Nh3 cxd5 8. cxd5 0-0 9. a3 Bc5 10. d6 Bxd6 11. Bg2 Be5 12. Nf4 Nc6 13. Nxe4 Nxe4 14. Nd5 Qe6 15. Bxe4 Bxb2 16. f3 Bxa1 17. Qxa1 d6 18. Nc7 Qe7 19. Nxa8 Be6 20. Kf2 Rxa8 21. Rc1 Re8 22. Qc3 d5 23. Bd3 f6 24. Bf4 Bf7 25. Qc5 Qe6 26. Qd6 g5 27. Qxe6 Bxe6 28. Bd2 Rc8 29. Rb1 Rc7 30. Rc1 g4 31. fxg4 Bxg4 32. Rc5 Be6 33. a4 Kf7 34. h4 Kg7 35. a5 a6 36. Bc2 Re7 37. Ba4 Ne5 38. Bb4 Rf7 1/2-1/2

[Event "RA-2021-0-00682"]
[Site "LSS email"]
[Date "2021.06.25"]
[Round "?"]
[White "Hatsek, Werner"]
[Black "Van Bommel, Ton"]
[Result "1/2-1/2"]
[WhiteElo "2032"]
[BlackElo "2107"]
[PlyCount "56"]
[EventDate "2021.03.23"]
[EventType "tourn (corr)"]
[EventRounds "6"]
[EventCountry "GER"]
[SourceTitle "Corr 2024"]
[Source "ChessBase"]
[SourceDate "2023.10.19"]
[SourceVersion "1"]
[SourceVersionDate "2023.10.19"]
[SourceQuality "1"]

1. d4 f5 2. g3 Nf6 3. Bg2 g6 4. Nf3 Bg7 5. c4 d6 6. Nc3 0-0 7. 0-0 c6 8. d5 e5 9. e4 cxd5 10. cxd5 Na6 11. Be3 f4 12. gxf4 Bg4 13. Qd2 Nh5 14. f5 gxf5 15. exf5 Bxf5 16. Kh1 Kh8 17. Rg1 Nf4 18. Bxf4 exf4 19. Nd4 Bxd4 20. Qxd4+ Qf6 21. Qxf6+ Rxf6 22. Be4 Nc5 23. Rae1 Rg8 24. Rxg8+ Kxg8 25. Kg2 Kf7 26. Kf3 Nxe4 27. Nxe4 Rh6 28. a3 Bxe4+ 1/2-1/2

[Event "RA-2021-0-00678"]
[Site "LSS email"]
[Date "2021.03.17"]
[Round "?"]
[White "Pilgram, Kurt"]
[Black "Hatsek, Werner"]
[Result "1/2-1/2"]
[WhiteElo "2154"]
[BlackElo "2062"]
[PlyCount "59"]
[EventDate "2020.11.18"]
[EventType "tourn (corr)"]
[EventRounds "6"]
[EventCountry "GER"]
[SourceTitle "Corr 2024"]
[Source "ChessBase"]
[SourceDate "2023.10.19"]
[SourceVersion "1"]
[SourceVersionDate "2023.10.19"]
[SourceQuality "1"]

1. e4 c5 2. Nf3 Nc6 3. d4 cxd4 4. Nxd4 e6 5. Nc3 a6 6. Be3 Nf6 7. a3 Be7 8. f4 d6 9. Qf3 e5 10. Nxc6 bxc6 11. fxe5 dxe5 12. Bc4 Rb8 13. Rb1 0-0 14. 0-0 Qa5 15. Qe2 Qc7 16. h3 a5 17. Rf3 Kh8 18. Kh2 Bd7 19. Bg1 Qc8 20. Rd1 h6 21. Na4 c5 22. b3 Bxa4 23. bxa4 Qc6 24. Bb5 Qc7 25. Rdf1 Rbd8 26. Rb3 Ne8 27. Rc3 Nf6 28. Rb3 Ne8 29. Rc3 Nf6 30. Rb3 1/2-1/2

[Event "LSS SA-2021-0-00750"]
[Site "LSS email"]
[Date "2021.02.16"]
[Round "?"]
[White "Hatsek, Werner"]
[Black "Morcin, Tom"]
[Result "1/2-1/2"]
[WhiteElo "2061"]
[BlackElo "2077"]
[PlyCount "32"]
[EventDate "2021.01.06"]
[EventType "tourn (corr)"]
[EventRounds "6"]
[EventCountry "GER"]
[SourceTitle "Corr 2024"]
[Source "ChessBase"]
[SourceDate "2023.10.19"]
[SourceVersion "1"]
[SourceVersionDate "2023.10.19"]
[SourceQuality "1"]

1. c4 e5 2. Nc3 Nf6 3. Nf3 Nc6 4. a3 d5 5. cxd5 Nxd5 6. Qc2 Nxc3 7. dxc3 Bd6 8. e4 0-0 9. Be3 Qf6 10. Be2 a5 11. 0-0 a4 12. Bb5 Bg4 13. Ne1 Bd7 14. Nf3 Bg4 15. Ne1 Bd7 16. Nf3 Bg4 1/2-1/2

[Event "LSS SA-2021-0-00750"]
[Site "LSS email"]
[Date "2021.02.04"]
[Round "?"]
[White "Hatsek, Werner"]
[Black "Koronowski, Juergen"]
[Result "1/2-1/2"]
[WhiteElo "2061"]
[BlackElo "2078"]
[PlyCount "81"]
[EventDate "2021.01.06"]
[EventType "tourn (corr)"]
[EventRounds "6"]
[EventCountry "GER"]
[SourceTitle "Corr 2024"]
[Source "ChessBase"]
[SourceDate "2023.10.19"]
[SourceVersion "1"]
[SourceVersionDate "2023.10.19"]
[SourceQuality "1"]

1. c4 e5 2. Nc3 Nf6 3. Nf3 Nc6 4. g3 d5 5. cxd5 Nxd5 6. Bg2 Nb6 7. 0-0 Be7 8. d3 0-0 9. Be3 Be6 10. a3 Nd5 11. Nxd5 Bxd5 12. Rc1 Qd7 13. Qc2 Rac8 14. Rfe1 Rfd8 15. Qa4 a6 16. Nd2 h5 17. Rc3 Bxg2 18. Kxg2 Qd5+ 19. Qe4 f5 20. Qxd5+ Rxd5 21. Rec1 Rcd8 22. Nb1 Kf7 23. h4 Bd6 24. b4 Nd4 25. Bg5 Rd7 26. e4 Rb5 27. Rc4 Nb3 28. R1c2 Nd4 29. Rb2 Rb6 30. Nd2 Rc6 31. exf5 Rxc4 32. Nxc4 b5 33. Ne3 c5 34. bxc5 Bxc5 35. a4 b4 36. Nc4 Nc6 37. Rd2 Bd4 38. Rd1 Bc3 39. Kf3 g6 40. fxg6+ Kxg6 41. Be3 1/2-1/2

[Event "RA-2021-0-00676"]
[Site "LSS email"]
[Date "2021.01.09"]
[Round "?"]
[White "Farnik, Kym"]
[Black "Hatsek, Werner"]
[Result "1/2-1/2"]
[WhiteElo "2123"]
[BlackElo "2047"]
[PlyCount "83"]
[EventDate "2020.11.04"]
[EventType "tourn (corr)"]
[EventRounds "6"]
[EventCountry "GER"]
[SourceTitle "Corr 2022"]
[Source "ChessBase"]
[SourceDate "2021.10.24"]
[SourceVersion "1"]
[SourceVersionDate "2021.10.24"]
[SourceQuality "1"]

1. d4 Nf6 2. c4 e6 3. Nf3 d5 4. Nc3 Be7 5. Bf4 0-0 6. e3 Nbd7 7. c5 Nh5 8. Bd3 Nxf4 9. exf4 b6 10. b4 a5 11. a3 c6 12. 0-0 Ba6 13. Qe2 Bxd3 14. Qxd3 Ra7 15. Rfc1 Qa8 16. Qd1 Rb8 17. g3 Bf6 18. Na4 bxc5 19. bxc5 Rab7 20. Kg2 g6 21. Ne5 Qa6 22. Rc3 h5 23. Qc2 Kg7 24. h3 Nxe5 25. dxe5 Be7 26. g4 hxg4 27. hxg4 Rh8 28. f5 Bg5 29. Rf3 Qa8 30. Nb6 Qf8 31. Qc3 Kg8 32. Qxa5 exf5 33. gxf5 Rh4 34. Rh1 Rxh1 35. Kxh1 Bf4 36. Kg2 Bxe5 37. Qa6 Qe7 38. f6 Qe6 39. Re3 Qg4+ 40. Kf1 Rb8 41. Rxe5 Qh3+ 42. Kg1 1/2-1/2

[Event "LSS SA-2020-0-00740"]
[Site "LSS email"]
[Date "2020.11.18"]
[Round "?"]
[White "Bhaskar, Adithya"]
[Black "Hatsek, Werner"]
[Result "1/2-1/2"]
[WhiteElo "2101"]
[BlackElo "2061"]
[PlyCount "83"]
[EventDate "2020.09.30"]
[EventType "tourn (corr)"]
[EventRounds "6"]
[EventCountry "GER"]
[SourceTitle "Corr 2024"]
[Source "ChessBase"]
[SourceDate "2023.10.19"]
[SourceVersion "1"]
[SourceVersionDate "2023.10.19"]
[SourceQuality "1"]

1. d4 Nf6 2. c4 e6 3. Nf3 b6 4. g3 Bb7 5. Bg2 Bb4+ 6. Bd2 Bxd2+ 7. Qxd2 0-0 8. Nc3 Ne4 9. Qd3 d5 10. cxd5 exd5 11. Ne5 Nxc3 12. Qxc3 c5 13. Rd1 Na6 14. 0-0 Re8 15. Rfe1 Rc8 16. Ng4 Rc7 17. Ne3 Rd7 18. dxc5 Nxc5 19. Nf5 Ne6 20. Qa3 a5 21. h4 g6 22. Nd4 Nc5 23. Rd2 Qf6 24. e3 Ba6 25. Red1 Rdd8 26. Rc2 Rd6 27. b3 h6 28. Rdc1 Rc8 29. Qb2 Rdd8 30. Bh3 Rc7 31. Rd1 Qe5 32. Qa1 Ne4 33. Rxc7 Qxc7 34. Rc1 Qe5 35. Nc6 Qxa1 36. Rxa1 Rd6 37. Rc1 Kg7 38. Kg2 Nc5 39. Nd4 h5 40. Rc3 Rd8 41. a3 Bb7 42. Kf1 1/2-1/2

[Event "SA-2020-0-00729"]
[Site "LSS email"]
[Date "2020.07.27"]
[Round "?"]
[White "Luers, Lavas"]
[Black "Hatsek, Werner"]
[Result "1/2-1/2"]
[WhiteElo "2083"]
[BlackElo "2067"]
[PlyCount "95"]
[EventDate "2020.06.17"]
[EventType "tourn (corr)"]
[EventRounds "6"]
[EventCountry "GER"]
[SourceTitle "Corr 2022"]
[Source "ChessBase"]
[SourceDate "2021.10.24"]
[SourceVersion "1"]
[SourceVersionDate "2021.10.24"]
[SourceQuality "1"]

1. c4 e5 2. g3 Nf6 3. Bg2 Nc6 4. Nc3 Bb4 5. Nd5 0-0 6. Nxb4 Nxb4 7. a3 Nc6 8. b4 Re8 9. Bb2 e4 10. d3 a5 11. b5 Ne5 12. Rc1 exd3 13. Bxe5 Rxe5 14. Qxd3 Rc5 15. Nf3 d5 16. 0-0 Be6 17. cxd5 Rxc1 18. Rxc1 Bxd5 19. Nd4 Bxg2 20. Kxg2 Qd5+ 21. f3 Ne8 22. Qc4 Qd7 23. a4 Rd8 24. e3 g6 25. Qc3 b6 26. Rc2 Nf6 27. Qxc7 Qxc7 28. Rxc7 Nd5 29. Nc6 Nxc7 30. Nxd8 Nd5 31. e4 Nc3 32. Nc6 Nxa4 33. Kf2 f5 34. exf5 gxf5 35. Ke3 Nc3 36. Nd4 Nd5+ 37. Kd3 Ne7 38. Kc4 Kf7 39. Kb3 f4 40. gxf4 Kf6 41. Ka4 h5 42. Nc6 Nc8 43. Nxa5 Kf5 44. Nc4 Kxf4 45. Kb3 Kxf3 46. Kc3 Kg2 47. h4 Kg3 48. Kd2 1/2-1/2

[Event "RA-2020-0-00666"]
[Site "LSS email"]
[Date "2020.07.27"]
[Round "?"]
[White "Vaassen, Jack M"]
[Black "Hatsek, Werner"]
[Result "1/2-1/2"]
[WhiteElo "2073"]
[BlackElo "2067"]
[PlyCount "84"]
[EventDate "2020.06.12"]
[EventType "tourn (corr)"]
[EventRounds "6"]
[EventCountry "GER"]
[SourceTitle "Corr 2022"]
[Source "ChessBase"]
[SourceDate "2021.10.24"]
[SourceVersion "1"]
[SourceVersionDate "2021.10.24"]
[SourceQuality "1"]

1. c4 g6 2. g3 c5 3. Bg2 Bg7 4. Nc3 Nc6 5. d3 Nf6 6. e4 d6 7. Nge2 0-0 8. 0-0 Rb8 9. h3 a6 10. a4 Nd7 11. Rb1 b6 12. Be3 Nd4 13. b4 Bb7 14. Qd2 Qe8 15. Bf4 Bc6 16. b5 axb5 17. Nxb5 Qd8 18. Rfe1 Ra8 19. Qd1 Re8 20. Bg5 Nf8 21. Kh2 Qd7 22. Be3 Nxe2 23. Rxe2 Ra6 24. h4 Rea8 25. Ra2 Qd8 26. Bd2 Ne6 27. Bh3 Nd4 28. Bg2 h5 29. Bc3 Nxb5 30. cxb5 Bxc3 31. bxc6 e6 32. f4 Kg7 33. Bh3 Qc7 34. f5 Qxc6 35. fxe6 f6 36. Qc2 Be5 37. d4 Bxd4 38. Bf1 R6a7 39. Bc4 Rb8 40. Rb5 Ra5 41. Rb1 Qc7 42. Kg2 Be5 1/2-1/2

[Event "RA-2020-0-00662"]
[Site "LSS email"]
[Date "2020.06.06"]
[Round "?"]
[White "Hatsek, Werner"]
[Black "Luers, Lavas"]
[Result "1/2-1/2"]
[WhiteElo "2070"]
[BlackElo "2088"]
[PlyCount "71"]
[EventDate "2020.02.28"]
[EventType "tourn (corr)"]
[EventRounds "6"]
[EventCountry "GER"]
[SourceTitle "Corr 2022"]
[Source "ChessBase"]
[SourceDate "2021.10.24"]
[SourceVersion "1"]
[SourceVersionDate "2021.10.24"]
[SourceQuality "1"]

1. b3 e5 2. Bb2 Nc6 3. e3 Nf6 4. Bb5 Bd6 5. Na3 e4 6. Nc4 Be7 7. Bxc6 bxc6 8. Ne2 0-0 9. d3 d5 10. Nd2 exd3 11. cxd3 c5 12. 0-0 Re8 13. Rc1 Bd6 14. Re1 Rb8 15. Ng3 Bf8 16. Nf3 Nd7 17. Qc2 Ba6 18. Ba3 Bd6 19. Nf5 g6 20. Nxd6 cxd6 21. Qc3 Qb6 22. Bb2 f6 23. Qd2 Rbc8 24. Bc3 Qc6 25. h3 Re6 26. Red1 Qb7 27. d4 c4 28. Ra1 f5 29. Rdb1 Nb6 30. Qc2 Qe7 31. Kh1 Re8 32. Ba5 Nd7 33. Bd2 Nb6 34. Ba5 Nd7 35. Bd2 Nb6 36. Ba5 1/2-1/2

[Event "RA-2020-0-00662"]
[Site "LSS email"]
[Date "2020.05.12"]
[Round "?"]
[White "Hatsek, Werner"]
[Black "Morcin, Tom"]
[Result "1/2-1/2"]
[WhiteElo "2070"]
[BlackElo "2119"]
[PlyCount "67"]
[EventDate "2020.02.28"]
[EventType "tourn (corr)"]
[EventRounds "6"]
[EventCountry "GER"]
[SourceTitle "Corr 2022"]
[Source "ChessBase"]
[SourceDate "2021.10.24"]
[SourceVersion "1"]
[SourceVersionDate "2021.10.24"]
[SourceQuality "1"]

1. c4 e5 2. Nc3 Nf6 3. Nf3 Nc6 4. e3 Bb4 5. Qc2 Bxc3 6. Qxc3 Qe7 7. Be2 d5 8. d4 exd4 9. Nxd4 Nxd4 10. Qxd4 c5 11. Qf4 Be6 12. cxd5 Nxd5 13. Bb5+ Kf8 14. Qe4 Bd7 15. Qc4 Be6 16. Qe2 a6 17. Bd3 Nb4 18. Bb1 g6 19. b3 Rc8 20. Bb2 f6 21. 0-0 Kg7 22. Qf3 c4 23. bxc4 Rxc4 24. a3 Bg4 25. Qg3 Be2 26. Re1 Nc2 27. Bxc2 Rxc2 28. Rab1 Rd8 29. Bd4 b5 30. Rbc1 Rc4 31. Rxc4 Bxc4 32. Qf4 Qd6 33. Qf3 Rf8 34. Rd1 1/2-1/2

[Event "SA-2020-0-00716"]
[Site "LSS email"]
[Date "2020.02.17"]
[Round "?"]
[White "Galje, Hans"]
[Black "Hatsek, Werner"]
[Result "1/2-1/2"]
[WhiteElo "2044"]
[BlackElo "2061"]
[PlyCount "74"]
[EventDate "2020.01.19"]
[EventType "tourn (corr)"]
[EventRounds "6"]
[EventCountry "GER"]
[SourceTitle "Corr 2022"]
[Source "ChessBase"]
[SourceDate "2021.10.24"]
[SourceVersion "1"]
[SourceVersionDate "2021.10.24"]
[SourceQuality "1"]

1. d4 Nf6 2. c4 g6 3. Nc3 d5 4. cxd5 Nxd5 5. Bd2 Bg7 6. e4 Nxc3 7. Bxc3 0-0 8. Qd2 Nd7 9. Nf3 b6 10. Bd3 e6 11. 0-0 c5 12. Rfd1 Bb7 13. Bc2 Rc8 14. Rac1 Qe7 15. d5 exd5 16. exd5 Bxc3 17. Qxc3 Rfd8 18. d6 Qe6 19. Bb3 Qf5 20. Nd2 b5 21. a4 Qg5 22. Nf3 Bxf3 23. Qxf3 c4 24. Bc2 b4 25. Be4 Ne5 26. Qg3 Qf6 27. f4 Nd7 28. Qg5 Qxb2 29. Bb7 c3 30. Bxc8 Rxc8 31. Qe7 c2 32. Qxd7 cxd1R+ 33. Rxd1 Qc2 34. Re1 Qc5+ 35. Kh1 b3 36. Qb7 Rd8 37. Qxb3 Qxd6 1/2-1/2

[Event "SA-2020-0-00715"]
[Site "LSS email"]
[Date "2020.02.09"]
[Round "?"]
[White "Van Bommel, Ton"]
[Black "Hatsek, Werner"]
[Result "1-0"]
[WhiteElo "2084"]
[BlackElo "2080"]
[PlyCount "79"]
[EventDate "2020.01.04"]
[EventType "tourn (corr)"]
[EventRounds "6"]
[EventCountry "GER"]
[SourceTitle "Corr 2022"]
[Source "ChessBase"]
[SourceDate "2021.10.24"]
[SourceVersion "1"]
[SourceVersionDate "2021.10.24"]
[SourceQuality "1"]

1. Nf3 c5 2. e4 e6 3. d4 cxd4 4. Nxd4 Nf6 5. Nc3 Nc6 6. Nxc6 bxc6 7. e5 Nd5 8. Ne4 Qc7 9. f4 Qa5+ 10. Bd2 Qb6 11. Bd3 Be7 12. Qe2 Rb8 13. c4 f5 14. Nd6+ Bxd6 15. exd6 Nf6 16. Bc3 0-0 17. 0-0-0 Rf7 18. Rhg1 Qc5 19. h3 Ba6 20. Be5 Ne4 21. b3 Qf2 22. Rde1 c5 23. Bxe4 Qxe2 24. Rxe2 fxe4 25. Rxe4 g5 26. fxg5 Rf2 27. g6 hxg6 28. Rg4 Kf7 29. Rh4 Rf8 30. Bg3 Rf6 31. Rh7+ Ke8 32. Re7+ Kd8 33. Rg7 Kc8 34. Bh4 Rf4 35. g4 Rf3 36. Be7 R8f4 37. Rxg6 Rf2 38. Kb1 Re2 39. Bh4 Rd4 40. Rg5 1-0

[Event "SA-2020-0-00713"]
[Site "LSS email"]
[Date "2020.01.27"]
[Round "?"]
[White "Sundqvist, Christer"]
[Black "Hatsek, Werner"]
[Result "1-0"]
[WhiteElo "2116"]
[BlackElo "2079"]
[PlyCount "125"]
[EventDate "2019.12.21"]
[EventType "tourn (corr)"]
[EventRounds "6"]
[EventCountry "GER"]
[SourceTitle "Corr 2022"]
[Source "ChessBase"]
[SourceDate "2021.10.24"]
[SourceVersion "1"]
[SourceVersionDate "2021.10.24"]
[SourceQuality "1"]

1. d4 Nf6 2. c4 e5 3. dxe5 Ng4 4. Nf3 Bc5 5. e3 Nc6 6. Nc3 0-0 7. Be2 Ncxe5 8. Nxe5 Nxe5 9. 0-0 d6 10. Na4 Re8 11. Bd2 Bb6 12. Nxb6 axb6 13. f3 Qf6 14. b3 h5 15. a4 h4 16. Kh1 Qg6 17. Be1 Nc6 18. e4 Qh6 19. Bd2 Qg6 20. Qe1 Qf6 21. Rd1 Bd7 22. Be3 Qb2 23. Rb1 Qf6 24. h3 Nd8 25. Qd2 Ne6 26. Bd3 Bc6 27. Bc2 Qe5 28. Rbe1 Qh5 29. Qf2 f6 30. Bd1 Nf8 31. Kg1 Re7 32. Bc2 Ne6 33. Ra1 g5 34. b4 Kg7 35. Rfd1 Qf7 36. Bb3 Qe8 37. Ra2 Bd7 38. Qd2 Rf7 39. c5 bxc5 40. bxc5 Ra6 41. Qb4 dxc5 42. Bxc5 Bc8 43. Be3 Qe7 44. Qb5 Rd6 45. Re1 Rc6 46. Bd5 Ra6 47. Bxb7 Bxb7 48. Qxb7 Qd6 49. e5 fxe5 50. a5 Kh6 51. Qe4 Nf4 52. Rd2 Qf6 53. Rc1 Qf5 54. Rc6+ Rxc6 55. Qxc6+ Rf6 56. Qb5 e4 57. Qxf5 Rxf5 58. Ra2 exf3 59. a6 Rf8 60. a7 Nxg2 61. Ra6+ c6 62. Bd2 Ra8 63. Kf2 1-0

[Event "SA-2020-0-00713"]
[Site "LSS email"]
[Date "2020.01.26"]
[Round "?"]
[White "Hatsek, Werner"]
[Black "Luers, Lavas"]
[Result "1/2-1/2"]
[WhiteElo "2079"]
[BlackElo "2041"]
[PlyCount "102"]
[EventDate "2019.12.21"]
[EventType "tourn (corr)"]
[EventRounds "6"]
[EventCountry "GER"]
[SourceTitle "Corr 2022"]
[Source "ChessBase"]
[SourceDate "2021.10.24"]
[SourceVersion "1"]
[SourceVersionDate "2021.10.24"]
[SourceQuality "1"]

1. a3 Nf6 2. d4 g6 3. Nf3 Bg7 4. c4 d6 5. Nc3 0-0 6. e4 Nbd7 7. Be2 e5 8. d5 Nc5 9. Bg5 h6 10. Bxf6 Qxf6 11. b4 Nd7 12. 0-0 Qe7 13. Re1 a5 14. Qc2 c5 15. bxc5 Nxc5 16. Na4 Nxa4 17. Qxa4 Qc7 18. Rab1 Bd7 19. Qb3 Rab8 20. Qb6 Rfc8 21. Qxc7 Rxc7 22. Rb6 Bg4 23. Reb1 Bxf3 24. gxf3 Bf6 25. a4 Be7 26. Ra6 Rc5 27. Kg2 Kf8 28. Kg3 Ke8 29. Rab6 Kd7 30. f4 exf4+ 31. Kxf4 Bf6 32. Rxb7+ Rxb7 33. Rxb7+ Rc7 34. Rb5 Be5+ 35. Ke3 Bxh2 36. Rxa5 Rb7 37. c5 Rb3+ 38. Kd4 Be5+ 39. Kc4 Rc3+ 40. Kb4 dxc5+ 41. Kb5 h5 42. Ra7+ Kd6 43. Rxf7 Rc2 44. f4 Rb2+ 45. Ka6 Rxe2 46. fxe5+ Kxe5 47. Re7+ Kd6 48. Re6+ Kd7 49. Kb5 h4 50. Kxc5 h3 51. Rxg6 Rxe4 1/2-1/2

[Event "SA-2020-0-00713"]
[Site "LSS email"]
[Date "2020.01.25"]
[Round "?"]
[White "Hatsek, Werner"]
[Black "Boni, Roberto"]
[Result "1/2-1/2"]
[WhiteElo "2079"]
[BlackElo "2147"]
[PlyCount "73"]
[EventDate "2019.12.21"]
[EventType "tourn (corr)"]
[EventRounds "6"]
[EventCountry "GER"]
[SourceTitle "Corr 2022"]
[Source "ChessBase"]
[SourceDate "2021.10.24"]
[SourceVersion "1"]
[SourceVersionDate "2021.10.24"]
[SourceQuality "1"]

1. c4 e5 2. a3 Nf6 3. d3 Nc6 4. Nf3 d5 5. cxd5 Nxd5 6. e3 Be7 7. b4 Bf6 8. Ra2 0-0 9. Be2 Be6 10. Rc2 Qe7 11. b5 Nb8 12. Bb2 c6 13. bxc6 Nxc6 14. Nbd2 Nb6 15. Qa1 Rfc8 16. 0-0 Na4 17. Ne4 Rc7 18. Rfc1 Rac8 19. Bd1 Nxb2 20. Nxf6+ Qxf6 21. Qxb2 Bf5 22. Be2 h6 23. h3 Rd8 24. Kh1 Re7 25. Ne1 Red7 26. Rc5 Qe7 27. Rb5 a6 28. Rb6 Rc7 29. Bf3 Bxd3 30. Nxd3 Rxd3 31. Be4 Rd6 32. Bxc6 Rdxc6 33. Rcxc6 Rxc6 34. Rxb7 Qf6 35. Rb8+ Kh7 36. Qb1+ g6 37. Qb2 1/2-1/2